000 00854nam a2200217Ia 4500
001 9589
003 GE_BSU
008 181216s||||||||xx |||||||||||||| ||und||
040 _cGE_BSU
080 _a821.353.1–94
100 _aმეგრელიძე,ლიდია
245 _aმშობლიური ცის ქვეშ:დღიურები და ქრონიკები 1901-1906
245 _cრედ.ი.ხოშტარია,მხატვ.მ.თუშმალიშვილი, მ.ქუთათელაძე
260 _aთბილისი
260 _bსახელგამი
260 _c1955
300 _a244გვ.20სმ.
653 _aდღიურები და ქრონიკები 1901-1906
653 _aმშობლიური ცის ქვეშ
942 _cBK
999 _c42880
_d42880